00745nam a2200193Ia 4500008004100000100002000041245011000061245010200171260003900273260000900312300002900321440004300350650001700393650001300410650002000423650001700443999001900460952007200479190511s9999 xx 000 0 und d aKlump, Kelly L. aEstrogen moderates genetic influences on binge eating during puberty: Disruption of nomative processes? / cKelly L. Klump, Natasha Fowler, Laura Mayhall, Cheryl L. Sisk, K.M. Culbert and Alexandra Burt.-- bAmerican Psychological Association c2018 aPages 458-470, July 2018 aJournal of Abnormal Psychologyv127(5) aBinge eating aestrogen aGenetic effects aprogesterone c361842d361842 001040aCLbCLd2019-05-11l0r2019-05-11 00:00:00w2019-05-11ySE